000 00395nam a22001457a 4500
003 OSt
005 20140311163200.0
008 140227t xxu||||| |||| 00| 0 eng d
050 _aQA 372
_b.C241 2010
245 _aOxford GCSE maths for edxecel foundation /
260 _aOxford :
_bOxford University Press,
_c2010.
300 _a269 p. :
_bill. ;
_c30 cm.
942 _2lcc
_cBK-TR
999 _c42474
_d42474